[Event "12PCR_F"]
[Site "?"]
[Date "2003.??.??"]
[Round "?"]
[White "Portych, Vaclav"]
[Black "Glembek, Bohumir"]
[Result "1/2-1/2"]
[WhiteElo "2148"]
[BlackElo "2122"]
[PlyCount "59"]
[EventDate "2003.??.??"]
[EventType "corr"]
[EventRounds "1"]
[SourceDate "2004.08.30"]

1. c4 Nf6 2. Nc3 g6 3. g3 Bg7 4. Bg2 d6 5. Nf3 O-O 6. O-O e5 7. d3 Nbd7 8. Rb1
Re8 9. Nd2 a5 10. Nde4 Nxe4 11. Nxe4 Nf8 12. f4 f5 13. Nc3 exf4 14. Bxf4 Ne6
15. Bd2 Nc5 16. Qc2 c6 17. e4 fxe4 18. Nxe4 Nxe4 19. Bxe4 Be6 20. Bc3 d5 21.
Bg2 dxc4 22. Bxg7 Qb6+ 23. Kh1 Kxg7 24. dxc4 Rad8 25. b4 axb4 26. c5 Qa5 27.
Qb2+ Kg8 28. Qxb4 Qxa2 29. Qxb7 Bd5 30. Qb2 1/2-1/2

[Event "12PCR_F"]
[Site "?"]
[Date "2003.??.??"]
[Round "?"]
[White "Lounek, Jan"]
[Black "Splichal, Josef"]
[Result "1-0"]
[WhiteElo "2337"]
[BlackElo "2217"]
[PlyCount "85"]
[EventDate "2003.??.??"]
[EventType "corr"]
[EventRounds "1"]
[SourceDate "2004.08.30"]

1. e4 e5 2. Nf3 Nc6 3. Bb5 a6 4. Ba4 Nf6 5. O-O Nxe4 6. d4 b5 7. Bb3 d5 8. dxe5
Be6 9. Nbd2 Be7 10. c3 O-O 11. Bc2 Bf5 12. Nd4 Nxd4 13. cxd4 Qd7 14. Nb3 a5 15.
f3 Ng5 16. Bxf5 Qxf5 17. h4 a4 18. Bxg5 Bxg5 19. hxg5 axb3 20. Qxb3 Qf4 21.
Qxd5 Rad8 22. Qxb5 Qxd4+ 23. Rf2 Rd5 24. Qe2 Rxe5 25. Rd1 Qc5 26. Qc2 Qa7 27.
f4 Rc5 28. Qb3 Rf5 29. Qc4 Ra5 30. b4 Ra4 31. Rd3 Qb6 32. a3 Qa7 33. Qc1 Ra6
34. f5 Rd6 35. Qe3 Qa4 36. Rxd6 cxd6 37. Rf3 Re8 38. Qf4 Qa7+ 39. Kh2 Qd7 40.
Re3 Rc8 41. f6 d5 42. Re7 Qd8 43. Qe5 1-0

[Event "12PCR_F"]
[Site "?"]
[Date "2003.??.??"]
[Round "?"]
[White "Kratochvil, Vaclav"]
[Black "Hladecek, Miloslav"]
[Result "0-1"]
[WhiteElo "2156"]
[BlackElo "2275"]
[PlyCount "68"]
[EventDate "2003.??.??"]
[EventType "corr"]
[EventRounds "1"]
[SourceDate "2004.08.30"]

1. e4 e5 2. Nf3 Nf6 3. d4 exd4 4. e5 Ne4 5. Qxd4 d5 6. exd6 Nxd6 7. Nc3 Nc6 8.
Qf4 Nf5 9. Bb5 Bd6 10. Qe4+ Nfe7 11. Bg5 h6 12. Bxe7 Qxe7 13. O-O-O O-O 14.
Bxc6 bxc6 15. Qxc6 Bd7 16. Qe4 Qxe4 17. Nxe4 Bf4+ 18. Kb1 Bc6 19. Rd4 f5 20.
Ng3 g5 21. Rhd1 Rae8 22. R4d3 g4 23. Nh4 Be4 24. Ra3 Rd8 25. Rh1 Rd2 26. Nxe4
fxe4 27. Ng6 Rfd8 28. c4 Bd6 29. Rxa7 Rxf2 30. g3 e3 31. Re1 e2 32. Nh4 Bb4 33.
Rxe2 Rxe2 34. a3 Rdd2 0-1

[Event "12PCR_F"]
[Site "?"]
[Date "2003.??.??"]
[Round "?"]
[White "Hladecek, Miloslav"]
[Black "Batka, Josef"]
[Result "1/2-1/2"]
[WhiteElo "2275"]
[BlackElo "2243"]
[PlyCount "53"]
[EventDate "2003.??.??"]
[EventType "corr"]
[EventRounds "1"]
[SourceDate "2004.08.30"]

1. e4 c5 2. Nf3 Nc6 3. Bc4 e6 4. O-O Nf6 5. d3 d5 6. exd5 exd5 7. Bb5 Be7 8.
Re1 O-O 9. Bg5 Bg4 10. c3 Rc8 11. Nbd2 a6 12. Bxc6 Rxc6 13. h3 Bc8 14. d4 c4
15. Ne5 Re6 16. Qf3 h6 17. Bh4 Re8 18. Nf1 Bd6 19. Re3 Bxe5 20. dxe5 Rxe5 21.
Rxe5 Rxe5 22. Bxf6 Qxf6 23. Qxf6 gxf6 24. Rd1 Bf5 25. f4 Re6 26. Rxd5 Bd3 27.
Ng3 1/2-1/2

[Event "12PCR_F"]
[Site "?"]
[Date "2003.??.??"]
[Round "?"]
[White "Glembek, Bohumir"]
[Black "Hladecek, Miloslav"]
[Result "1/2-1/2"]
[WhiteElo "2122"]
[BlackElo "2275"]
[PlyCount "59"]
[EventDate "2003.??.??"]
[EventType "corr"]
[EventRounds "1"]
[SourceDate "2004.08.30"]

1. d4 Nf6 2. c4 e6 3. Nc3 d5 4. Bg5 Nbd7 5. e3 c6 6. cxd5 exd5 7. Bd3 h6 8. Bh4
Bd6 9. Nf3 O-O 10. O-O Re8 11. Rc1 Nb6 12. Qb3 Bg4 13. Qc2 a5 14. Nd2 a4 15. a3
Be6 16. Qd1 Be7 17. h3 Qd7 18. Bc2 g5 19. Bg3 g4 20. hxg4 Bxg4 21. f3 Nh5 22.
Be5 Bf5 23. Bxf5 Qxf5 24. e4 Qg6 25. f4 Nf6 26. Bc7 Bd8 27. Bxd8 Rexd8 28. e5
Ng4 29. Rf3 Kh8 30. b4 1/2-1/2

[Event "12PCR_F"]
[Site "?"]
[Date "2003.??.??"]
[Round "?"]
[White "Svrsek, Radomir"]
[Black "Chvojka, Jaroslav"]
[Result "1/2-1/2"]
[WhiteElo "2237"]
[BlackElo "2175"]
[PlyCount "77"]
[EventDate "2003.??.??"]
[EventType "corr"]
[EventRounds "1"]
[SourceDate "2004.08.30"]

1. e4 e5 2. Nf3 Nc6 3. Bc4 Bc5 4. d3 Nge7 5. Ng5 d5 6. exd5 Nxd5 7. Nc3 Bb4 8.
Qf3 Be6 9. Nxe6 fxe6 10. O-O Bxc3 11. bxc3 Qd7 12. Rb1 O-O-O 13. Bd2 Rdf8 14.
Qe4 Rf4 15. Qe1 Rf5 16. Bb5 a6 17. Ba4 Nb6 18. Qe4 Nxa4 19. Qxa4 Nd8 20. Qb4
Qd6 21. Qh4 Rhf8 22. Be3 Qc6 23. Rb3 h6 24. Qg4 g5 25. Rfb1 e4 26. c4 R8f7 27.
Qe2 e5 28. Qg4 exd3 29. cxd3 Qe6 30. Qe4 Kd7 31. a3 h5 32. d4 Qxc4 33. Rb4 Qc6
34. d5 Qd6 35. Rc1 Kc8 36. Rbb1 Qxa3 37. Rc5 Qa2 38. Rf1 g4 39. Rc2 1/2-1/2

[Event "12PCR_F"]
[Site "?"]
[Date "2003.??.??"]
[Round "?"]
[White "Svrsek, Radomir"]
[Black "Vozda, Jindrich"]
[Result "1/2-1/2"]
[WhiteElo "2237"]
[BlackElo "2494"]
[PlyCount "67"]
[EventDate "2003.??.??"]
[EventType "corr"]
[EventRounds "1"]
[SourceDate "2004.08.30"]

1. e4 Nf6 2. e5 Nd5 3. d4 d6 4. c4 Nb6 5. Nf3 dxe5 6. Nxe5 g6 7. Nc3 Bg7 8. Be3
O-O 9. h4 Be6 10. Qb3 Nc6 11. O-O-O Nxe5 12. dxe5 Qe8 13. f4 Qc6 14. Qb5 Qxb5
15. cxb5 Rad8 16. Be2 f6 17. exf6 Bxf6 18. Bf3 Nc4 19. Bc5 Rxd1+ 20. Rxd1 b6
21. Re1 Kf7 22. Bf2 Rd8 23. Re2 Nd6 24. Rd2 Rc8 25. Bc6 Bc4 26. a4 Bb3 27. Re2
e6 28. Rd2 Bxc3 29. bxc3 Bxa4 30. c4 Bb3 31. c5 bxc5 32. Bxc5 Ba4 33. Bd7 Rd8
34. Bxd6 1/2-1/2

[Event "12PCR_F"]
[Site "?"]
[Date "2003.??.??"]
[Round "?"]
[White "Kratochvil, Vaclav"]
[Black "Vozda, Jindrich"]
[Result "0-1"]
[WhiteElo "2156"]
[BlackElo "2494"]
[PlyCount "58"]
[EventDate "2003.??.??"]
[EventType "corr"]
[EventRounds "1"]
[SourceDate "2004.08.30"]

1. e4 e6 2. d4 d5 3. exd5 exd5 4. Bd3 c5 5. Nf3 c4 6. Be2 Nc6 7. c3 Nf6 8. b3
cxb3 9. axb3 Bd6 10. O-O Ne4 11. Re1 O-O 12. Bd3 Re8 13. c4 Bf5 14. cxd5 Nb4
15. Bb5 Re7 16. Bc4 a6 17. Ne5 Nxf2 18. Kxf2 Nc2 19. g4 Nxe1 20. gxf5 Bxe5 21.
dxe5 Rxe5 22. Bf4 Rxf5 23. Kxe1 Rxf4 24. Nc3 Qf6 25. Kd2 Rc8 26. Ne2 Rf2 27. d6
Qxd6+ 28. Ke3 Qb6+ 29. Nd4 Rxh2 0-1

[Event "12PCR_F"]
[Site "?"]
[Date "2003.??.??"]
[Round "?"]
[White "Vozda, Jindrich"]
[Black "Chvojka, Jaroslav"]
[Result "0-1"]
[WhiteElo "2494"]
[BlackElo "2175"]
[PlyCount "54"]
[EventDate "2003.??.??"]
[EventType "corr"]
[EventRounds "1"]
[SourceDate "2004.08.30"]

1. e4 c6 2. d4 d5 3. Nc3 dxe4 4. Nxe4 Bf5 5. Ng3 Bg6 6. h4 h6 7. Nf3 e6 8. Ne5
Bh7 9. Bc4 Nd7 10. Qe2 Nxe5 11. dxe5 Ne7 12. c3 Qc7 13. f4 b5 14. Bb3 a5 15.
Ne4 Nd5 16. a4 Qb7 17. O-O b4 18. c4 Bxe4 19. Qxe4 Bc5+ 20. Kh2 Ne7 21. Rd1 Qb6
22. Bc2 Rd8 23. Rxd8+ Kxd8 24. Qe2 Bg1+ 25. Kh1 Kc7 26. f5 Qf2 27. f6 Qxe2 0-1

[Event "12PCR_F"]
[Site "?"]
[Date "2003.??.??"]
[Round "?"]
[White "Nejtek, Jiri"]
[Black "Valak, Alois"]
[Result "1/2-1/2"]
[WhiteElo "2291"]
[BlackElo "2257"]
[PlyCount "86"]
[EventDate "2003.??.??"]
[EventType "corr"]
[EventRounds "1"]
[SourceDate "2004.08.30"]

1. e4 e5 2. Nf3 Nc6 3. Bb5 a6 4. Ba4 Nf6 5. O-O Be7 6. Re1 b5 7. Bb3 d6 8. c3
O-O 9. h3 Bb7 10. d4 Re8 11. Nbd2 Bf8 12. a4 h6 13. Bc2 exd4 14. cxd4 Nb4 15.
Bb1 c5 16. d5 Nd7 17. Ra3 f5 18. Nh2 Qe7 19. Rae3 f4 20. R3e2 c4 21. b3 Ne5 22.
bxc4 bxc4 23. Nxc4 Nxc4 24. Qb3 a5 25. Qxc4 Ba6 26. Qb3 Bxe2 27. Rxe2 g5 28.
Nf3 Bg7 29. e5 dxe5 30. Bg6 Qd6 31. Bxe8 Rxe8 32. Bd2 Qxd5 33. Qxd5+ Nxd5 34.
Re4 Kf7 35. Bxa5 Kg6 36. g4 fxg3 37. fxg3 Kf5 38. Rc4 e4 39. g4+ Kg6 40. Nd4
Bxd4+ 41. Rxd4 Nf4 42. Kf2 e3+ 43. Kf3 e2 1/2-1/2

[Event "12PCR_F"]
[Site "?"]
[Date "2003.??.??"]
[Round "?"]
[White "Valak, Alois"]
[Black "Chvojka, Jaroslav"]
[Result "1-0"]
[WhiteElo "2257"]
[BlackElo "2175"]
[PlyCount "117"]
[EventDate "2003.??.??"]
[EventType "corr"]
[EventRounds "1"]
[SourceDate "2004.08.30"]

1. e4 e5 2. Nf3 Nc6 3. Bb5 a6 4. Ba4 Nf6 5. O-O Be7 6. Re1 b5 7. Bb3 d6 8. c3
O-O 9. h3 Bb7 10. d4 Na5 11. Bc2 c5 12. d5 Qc7 13. b3 Bc8 14. Nbd2 Bd7 15. Nf1
g6 16. Bh6 Rfc8 17. N3h2 Qd8 18. Qf3 Bf8 19. Bg5 Be7 20. Bc1 c4 21. Ne3 cxb3
22. axb3 Nb7 23. Bd2 a5 24. Neg4 a4 25. Nxf6+ Bxf6 26. bxa4 bxa4 27. Reb1 Nc5
28. Ng4 Bg7 29. Nh6+ Bxh6 30. Bxh6 Rab8 31. Rb4 Nb3 32. Bxb3 axb3 33. Qe3 Rb5
34. Kh2 Rxb4 35. cxb4 b2 36. Rb1 Rc2 37. Qd3 Qc8 38. Qa3 Rxf2 39. Rxb2 Rxb2 40.
Qxb2 Qb8 41. Qf2 Qd8 42. Qa7 Bc8 43. b5 Qd7 44. b6 Qxa7 45. bxa7 Bb7 46. Kg3 f5
47. Kf3 Kf7 48. g4 f4 49. h4 Ke7 50. h5 gxh5 51. gxh5 Kf7 52. Bg5 Kf8 53. Bd8
h6 54. Ba5 Kf7 55. Bb4 Ke7 56. Kg4 Bc8+ 57. Kh4 Bb7 58. Kh3 Bc8+ 59. Kg2 1-0

[Event "12PCR_F"]
[Site "?"]
[Date "2003.??.??"]
[Round "?"]
[White "Nedoma, Petr"]
[Black "Nejtek, Jiri"]
[Result "1/2-1/2"]
[WhiteElo "2224"]
[BlackElo "2291"]
[PlyCount "65"]
[EventDate "2003.??.??"]
[EventType "corr"]
[EventRounds "1"]
[SourceDate "2004.08.30"]

1. e4 c5 2. Nf3 d6 3. d4 cxd4 4. Nxd4 Nf6 5. Nc3 a6 6. Be2 e5 7. Nb3 Be7 8. O-O
O-O 9. Qd3 Re8 10. Rd1 Be6 11. Qg3 Nbd7 12. Bh6 Bf8 13. Bg5 b5 14. a3 Qb6 15.
Rac1 Qb7 16. Nd2 Rec8 17. Kh1 Rc7 18. f4 exf4 19. Bxf4 Ne5 20. Bxe5 dxe5 21.
Qxe5 Rac8 22. Qg3 Bxa3 23. Nxb5 axb5 24. bxa3 Rc3 25. Bd3 Qb6 26. Rf1 Ng4 27.
Nb1 R3c5 28. Be2 Ne5 29. Nd2 Qc7 30. Nf3 Nc4 31. Qxc7 R5xc7 32. Bxc4 Rxc4 33.
Rb1 1/2-1/2

[Event "12PCR_F"]
[Site "?"]
[Date "2003.??.??"]
[Round "?"]
[White "Nejtek, Jiri"]
[Black "Kratochvil, Vaclav"]
[Result "1-0"]
[WhiteElo "2291"]
[BlackElo "2156"]
[PlyCount "79"]
[EventDate "2003.??.??"]
[EventType "corr"]
[EventRounds "1"]
[SourceDate "2004.08.30"]

1. e4 c5 2. Nf3 d6 3. d4 cxd4 4. Nxd4 Nf6 5. Nc3 g6 6. Be3 Bg7 7. f3 O-O 8. Qd2
Nc6 9. O-O-O d5 10. exd5 Nxd5 11. Nxc6 bxc6 12. Bd4 e5 13. Bc5 Be6 14. Ne4 Re8
15. h4 h5 16. Bc4 Nf4 17. Qc3 Qc7 18. g3 Nd5 19. Qa3 Red8 20. Rhg1 Bh6+ 21. Kb1
f5 22. Bd6 Qf7 23. Ng5 Bxg5 24. hxg5 Nc3+ 25. Qxc3 Bxc4 26. b3 Be2 27. Rd2 e4
28. fxe4 fxe4 29. Rxe2 Rxd6 30. Rxe4 Rad8 31. a4 Rd1+ 32. Rxd1 Rxd1+ 33. Kb2
Qd7 34. a5 Rd6 35. a6 Re6 36. Qc4 Kf7 37. Qxe6+ Qxe6 38. Rxe6 Kxe6 39. b4 Kd5
40. Kb3 1-0

[Event "12PCR_F"]
[Site "?"]
[Date "2003.??.??"]
[Round "?"]
[White "Glembek, Bohumir"]
[Black "Splichal, Josef"]
[Result "0-1"]
[WhiteElo "2122"]
[BlackElo "2217"]
[PlyCount "82"]
[EventDate "2003.??.??"]
[EventType "corr"]
[EventRounds "1"]
[SourceDate "2004.08.30"]

1. d4 Nf6 2. c4 c5 3. d5 e6 4. Nc3 exd5 5. cxd5 d6 6. e4 g6 7. f4 Bg7 8. Bb5+
Nfd7 9. Bd3 O-O 10. Nf3 Na6 11. O-O Rb8 12. Kh1 Nc7 13. a4 a6 14. f5 b5 15.
axb5 Nxb5 16. Qc2 Nd4 17. Nxd4 cxd4 18. Nb1 Nc5 19. Nd2 Bd7 20. Nc4 Bb5 21. Bf4
Rc8 22. b3 g5 23. Bc1 Be5 24. f6 Bxf6 25. Qd1 Bg7 26. Kg1 Re8 27. Ba3 Nxd3 28.
Qxd3 a5 29. Qf3 Bxc4 30. bxc4 d3 31. Rad1 Rxc4 32. Bxd6 Rcxe4 33. Qxf7+ Kh8 34.
Bg3 Rf8 35. Qb7 Rxf1+ 36. Rxf1 d2 37. d6 Rc4 38. Qd5 Rd4 39. Qf3 Qe8 40. Rd1 h5
41. Kf1 a4 0-1

[Event "12PCR_F"]
[Site "?"]
[Date "2003.??.??"]
[Round "?"]
[White "Chvojka, Jaroslav"]
[Black "Kratochvil, Vaclav"]
[Result "1-0"]
[WhiteElo "2175"]
[BlackElo "2156"]
[PlyCount "113"]
[EventDate "2003.??.??"]
[EventType "corr"]
[EventRounds "1"]
[SourceDate "2004.08.30"]

1. d4 d5 2. c4 c6 3. Bf4 dxc4 4. e3 b5 5. a4 Nf6 6. Nc3 b4 7. Nb1 Ba6 8. Qc1 c3
9. bxc3 Bxf1 10. Kxf1 e6 11. cxb4 Bxb4 12. Ne2 c5 13. Nbc3 cxd4 14. Nb5 Nd5 15.
Nexd4 O-O 16. Nc7 Nxc7 17. Qxc7 Qxc7 18. Bxc7 Na6 19. Bf4 Bc3 20. Rc1 Bxd4 21.
exd4 Rfd8 22. Rc4 Rac8 23. Rxc8 Rxc8 24. Ke2 h6 25. Rb1 Rc4 26. Kd3 Rxa4 27.
Bd6 Ra2 28. h4 Rxf2 29. Ra1 Rxg2 30. Rxa6 Rg4 31. Be7 Rg3+ 32. Ke2 Rh3 33. Kf2
f6 34. Rxe6 Rxh4 35. Bc5 a5 36. Ra6 Kf7 37. Ra7+ Kg6 38. Rxa5 Kf5 39. Bb6+ Ke4
40. d5 Rh2+ 41. Ke1 Rh1+ 42. Ke2 Rh2+ 43. Bf2 Kf5 44. Ra3 Ke5 45. Rd3 Kd6 46.
Kf3 Rh5 47. Bg3+ Kd7 48. Ke4 Rg5 49. Ra3 Rg4+ 50. Kf3 Rd4 51. d6 g5 52. Ra7+
Kc8 53. Ke3 Rd1 54. Rf7 h5 55. Rxf6 h4 56. Be5 g4 57. Rf7 1-0

[Event "12PCR_F"]
[Site "?"]
[Date "2003.??.??"]
[Round "?"]
[White "Chvojka, Jaroslav"]
[Black "Batka, Josef"]
[Result "1-0"]
[WhiteElo "2175"]
[BlackElo "2243"]
[PlyCount "65"]
[EventDate "2003.??.??"]
[EventType "corr"]
[EventRounds "1"]
[SourceDate "2004.08.30"]

1. d4 Nf6 2. Bg5 c5 3. Bxf6 gxf6 4. c3 Qb6 5. Qc2 d5 6. dxc5 Qxc5 7. Nd2 f5 8.
e3 e6 9. O-O-O Nc6 10. Ngf3 Bd7 11. Bd3 b5 12. Kb1 Rc8 13. Nb3 Qb6 14. Qe2 a6
15. Rhg1 h5 16. h3 e5 17. Bc2 e4 18. Nfd4 Ne5 19. f3 b4 20. cxb4 Bxb4 21. Nc1
Nc4 22. Bb3 Be7 23. Rgf1 h4 24. fxe4 fxe4 25. Qf2 O-O 26. Nce2 Bg5 27. Nf4 Qd6
28. g3 Qe5 29. gxh4 Bh6 30. Bxc4 dxc4 31. Nde2 Rb8 32. Nc3 Qxc3 33. Nd5 1-0

[Event "12PCR_F"]
[Site "?"]
[Date "2003.??.??"]
[Round "?"]
[White "Nejtek, Jiri"]
[Black "Splichal, Josef"]
[Result "1-0"]
[WhiteElo "2291"]
[BlackElo "2217"]
[PlyCount "87"]
[EventDate "2003.??.??"]
[EventType "corr"]
[EventRounds "1"]
[SourceDate "2004.08.30"]

1. e4 e5 2. Nf3 Nc6 3. Bb5 a6 4. Ba4 Nf6 5. O-O Nxe4 6. d4 b5 7. Bb3 d5 8. dxe5
Be6 9. Nbd2 Be7 10. c3 O-O 11. Qe2 Bf5 12. Nd4 Nxd4 13. cxd4 c5 14. Nxe4 dxe4
15. dxc5 Bxc5 16. Be3 Qe7 17. Bxc5 Qxc5 18. g4 Bg6 19. Rad1 Qe7 20. Rd5 Kh8 21.
Qe3 f5 22. gxf5 Rxf5 23. f4 exf3 24. e6 Qh4 25. Rxf3 Rxf3 26. Qxf3 Re8 27. Re5
Qd4+ 28. Qe3 Qxb2 29. e7 Qb1+ 30. Qe1 Qd3 31. Qf2 Qd6 32. Re6 Qb4 33. h3 Bd3
34. Qf7 Bg6 35. Rxg6 Qe1+ 36. Kh2 Qe5+ 37. Rg3 Qe2+ 38. Kh1 Qe1+ 39. Kg2 Qe2+
40. Qf2 Qxe7 41. Rf3 Qd6 42. Qc2 b4 43. h4 a5 44. h5 1-0

[Event "12PCR_F"]
[Site "?"]
[Date "2003.??.??"]
[Round "?"]
[White "Nejtek, Jiri"]
[Black "Lounek, Jan"]
[Result "1/2-1/2"]
[WhiteElo "2291"]
[BlackElo "2337"]
[PlyCount "83"]
[EventDate "2003.??.??"]
[EventType "corr"]
[EventRounds "1"]
[SourceDate "2004.08.30"]

1. e4 c5 2. Nf3 d6 3. d4 cxd4 4. Nxd4 Nf6 5. Nc3 a6 6. Be3 e6 7. f3 b5 8. g4
Nfd7 9. Qd2 Nb6 10. O-O-O N8d7 11. Ndxb5 axb5 12. Nxb5 Ba6 13. Nxd6+ Bxd6 14.
Qxd6 Bxf1 15. Bxb6 Qg5+ 16. f4 Qb5 17. Rhxf1 Nxb6 18. b3 Nd7 19. f5 O-O-O 20.
c4 Qc5 21. fxe6 Qe3+ 22. Kb2 Nb8 23. Rde1 Rxd6 24. Rxe3 fxe6 25. Kc3 Nc6 26.
Rf7 g5 27. Rg7 h6 28. Rh3 Rhd8 29. Rxh6 Rd2 30. c5 Rxa2 31. Rhh7 Nd4 32. Rb7
Rc2+ 33. Kb4 Rh8 34. Rhc7+ Kd8 35. Ra7 Ra2 36. Rd7+ Kc8 37. Rac7+ Kb8 38. Kc4
e5 39. Rb7+ Ka8 40. b4 Rhxh2 41. Rg7 Ne6 42. Rh7 1/2-1/2

[Event "12PCR_F"]
[Site "?"]
[Date "2003.??.??"]
[Round "?"]
[White "Pytlik, Lesek"]
[Black "Chvojka, Jaroslav"]
[Result "1/2-1/2"]
[WhiteElo "2316"]
[BlackElo "2175"]
[PlyCount "107"]
[EventDate "2003.??.??"]
[EventType "corr"]
[EventRounds "1"]
[SourceDate "2004.08.30"]

1. Nf3 d5 2. g3 Nc6 3. Bg2 e5 4. d3 f5 5. O-O Be7 6. c4 d4 7. b4 e4 8. dxe4
fxe4 9. Nfd2 Bxb4 10. Nxe4 Nf6 11. a3 Be7 12. Nbd2 O-O 13. Bb2 Bg4 14. Nb3 Qe8
15. Qc2 Kh8 16. Nxd4 Nxd4 17. Bxd4 Qg6 18. c5 Rad8 19. e3 Bf5 20. f3 Qh6 21.
Rae1 Nd7 22. Qc3 Nb8 23. f4 Nc6 24. Be5 Nxe5 25. Qxe5 Qe6 26. Qxe6 Bxe6 27. Rb1
b6 28. Rfc1 Bf5 29. cxb6 cxb6 30. a4 Rd3 31. Rc7 Re8 32. Rb5 Bd8 33. Rc4 Be6
34. Rc3 Rxc3 35. Nxc3 Bf6 36. Nd5 Bxd5 37. Rxd5 Rxe3 38. Rd7 a5 39. Kf2 Ra3 40.
Bc6 Kg8 41. h4 h6 42. h5 Kf8 43. Bb5 Be7 44. Rd3 Rxd3 45. Bxd3 Bf6 46. Ke3 Ke7
47. Ke4 Kd6 48. g4 Be7 49. Kf5 Kd5 50. Kg6 Bd6 51. f5 Be5 52. g5 hxg5 53. Kxg5
Kd6 54. Kg6 1/2-1/2

[Event "12PCR_F"]
[Site "?"]
[Date "2003.??.??"]
[Round "?"]
[White "Batka, Josef"]
[Black "Lounek, Jan"]
[Result "1/2-1/2"]
[WhiteElo "2243"]
[BlackElo "2337"]
[PlyCount "70"]
[EventDate "2003.??.??"]
[EventType "corr"]
[EventRounds "1"]
[SourceDate "2004.08.30"]

1. e4 c5 2. c3 Nf6 3. e5 Nd5 4. d4 cxd4 5. Nf3 Nc6 6. Bc4 Nb6 7. Bb3 d5 8. exd6
Qxd6 9. O-O Be6 10. Na3 dxc3 11. Nb5 Qxd1 12. Rxd1 Rc8 13. Bxe6 fxe6 14. Nxc3
g6 15. Ng5 e5 16. Ne6 Nd4 17. Nxd4 exd4 18. Rxd4 Bg7 19. Re4 Rc4 20. Re2 Kf7
21. Be3 Bxc3 22. bxc3 Nd5 23. Bxa7 Nxc3 24. Rb2 b5 25. Be3 Ra8 26. Bd2 b4 27.
Bxc3 bxc3 28. Rc2 e5 29. f3 Kf6 30. Kf2 h5 31. Ke3 Ra3 32. Rb1 Rd4 33. Ke2 Rda4
34. Rb3 Rxa2 35. Rbxc3 Kf5 1/2-1/2

[Event "12PCR_F"]
[Site "?"]
[Date "2003.??.??"]
[Round "?"]
[White "Nosek, Jaroslav"]
[Black "Svrsek, Radomir"]
[Result "1/2-1/2"]
[WhiteElo "2260"]
[BlackElo "2237"]
[PlyCount "80"]
[EventDate "2003.??.??"]
[EventType "corr"]
[EventRounds "1"]
[SourceDate "2004.08.30"]

1. e4 c6 2. d4 d5 3. e5 Bf5 4. Be3 Qb6 5. Qc1 e6 6. c4 dxc4 7. Nd2 Qc7 8. Nxc4
Nd7 9. Ne2 Nb6 10. Ng3 Bg6 11. Qd2 Nd5 12. a3 a5 13. Qd1 Qd7 14. Rc1 a4 15. Be2
b5 16. Nd2 f5 17. Bf3 Nge7 18. Ne2 Nxe3 19. fxe3 Nd5 20. Qc2 Rc8 21. Bxd5 exd5
22. Nf4 Bf7 23. Nd3 Be7 24. Nc5 Bxc5 25. Qxc5 Qe7 26. O-O Be6 27. b4 Qxc5 28.
Rxc5 Ke7 29. Rfc1 Bd7 30. Kf2 Rhf8 31. g3 g5 32. Nf3 f4 33. gxf4 gxf4 34. Rg1
fxe3+ 35. Kxe3 Rce8 36. Rg7+ Rf7 37. Rxf7+ Kxf7 38. Rc1 Re7 39. Rg1 Kf8 40. Rg3
Bc8 1/2-1/2

[Event "12PCR_F"]
[Site "?"]
[Date "2003.??.??"]
[Round "?"]
[White "Kratochvil, Vaclav"]
[Black "Valak, Alois"]
[Result "0-1"]
[WhiteElo "2156"]
[BlackElo "2257"]
[PlyCount "110"]
[EventDate "2003.??.??"]
[EventType "corr"]
[EventRounds "1"]
[SourceDate "2004.08.30"]

1. e4 e5 2. Nf3 Nc6 3. Bb5 a6 4. Ba4 Nf6 5. O-O Be7 6. Re1 b5 7. Bb3 d6 8. c3
O-O 9. h3 Bb7 10. d4 Re8 11. Nbd2 Bf8 12. Bc2 Nb8 13. b3 Nbd7 14. d5 c6 15. c4
Qc7 16. a4 Rec8 17. Ra2 bxa4 18. bxa4 a5 19. Bd3 Nc5 20. Bb1 Ba6 21. Ba3 Rab8
22. Bxc5 dxc5 23. Bd3 Rb4 24. dxc6 Qb8 25. Qc2 Rxc6 26. Nf1 Rcb6 27. Ne3 g6 28.
Nd1 Bh6 29. Ra3 Qe8 30. Qc3 Rd6 31. Ne3 Bxe3 32. Rxe3 Nd7 33. Bf1 f6 34. Qc2
Nf8 35. Reb3 Ne6 36. Rxb4 axb4 37. Rd3 Rxd3 38. Bxd3 Qd8 39. Kh2 Kf7 40. g3 Bb7
41. Qd2 Nd4 42. Nxd4 Qxd4 43. Qe2 b3 44. Kg2 Qc3 45. Bb1 Ke7 46. g4 Ba6 47. Qe3
Qxe3 48. fxe3 Bxc4 49. Kf2 Kd6 50. Ke1 g5 51. Kf2 Ba6 52. Ke1 c4 53. Kd2 Kc6
54. Kc3 Kc5 55. a5 Kb5 0-1

[Event "12PCR_F"]
[Site "?"]
[Date "2003.??.??"]
[Round "?"]
[White "Splichal, Josef"]
[Black "Pytlik, Lesek"]
[Result "1/2-1/2"]
[WhiteElo "2217"]
[BlackElo "2316"]
[PlyCount "105"]
[EventDate "2003.??.??"]
[EventType "corr"]
[EventRounds "1"]
[SourceDate "2004.08.30"]

1. e4 e6 2. d4 d5 3. Nc3 Bb4 4. e5 c5 5. a3 Bxc3+ 6. bxc3 Ne7 7. Nf3 Qc7 8. Bd3
b6 9. Bg5 Ba6 10. Bxa6 Nxa6 11. O-O Nb8 12. c4 dxc4 13. Bxe7 Qxe7 14. d5 O-O
15. d6 Qd7 16. Qe2 Nc6 17. Qe4 f6 18. exf6 gxf6 19. Rad1 c3 20. Qc4 Rae8 21.
Qxc3 e5 22. Nh4 Nd4 23. Qd3 Qg4 24. g3 e4 25. Qa6 Rf7 26. Rfe1 Qd7 27. Qc4 f5
28. c3 Nc2 29. Re2 Nxa3 30. Qb3 Nb5 31. Nxf5 Nxc3 32. Nh6+ Kg7 33. Qxc3+ Kxh6
34. Qc4 Qf5 35. Rd5 Qe6 36. Qc1+ Kg7 37. Qd2 Kh8 38. f4 Rd8 39. Qc3+ Qf6 40.
Qe5 Kg7 41. Rxe4 h6 42. Re1 Rfd7 43. Red1 Qxe5 44. fxe5 Kf7 45. Kf2 Ke6 46. Kf3
h5 47. Ke4 Rf8 48. R5d2 Rf5 49. Rd5 Rff7 50. R5d2 Rd8 51. h3 Rf5 52. Rd5 Rd7
53. R1d2 1/2-1/2

[Event "12PCR_F"]
[Site "?"]
[Date "2003.??.??"]
[Round "?"]
[White "Chvojka, Jaroslav"]
[Black "Nedoma, Petr"]
[Result "1-0"]
[WhiteElo "2175"]
[BlackElo "2224"]
[PlyCount "89"]
[EventDate "2003.??.??"]
[EventType "corr"]
[EventRounds "1"]
[SourceDate "2004.08.30"]

1. d4 Nf6 2. Bg5 Ne4 3. Bf4 c5 4. f3 Qa5+ 5. c3 Nf6 6. Nd2 cxd4 7. Nb3 Qd8 8.
cxd4 d5 9. e3 e6 10. Rc1 Nc6 11. Bd3 Nh5 12. Ne2 Nxf4 13. Nxf4 Bd6 14. O-O Qc7
15. Qd2 g5 16. Nh5 Bxh2+ 17. Kh1 Bd6 18. Bb5 Be7 19. e4 Qb6 20. Qe2 a6 21. Ba4
Kd8 22. exd5 Nb4 23. dxe6 Qxe6 24. Qd2 Qg6 25. g4 b5 26. Nc5 a5 27. Bxb5 Nxa2
28. Rce1 Bd6 29. Ne4 Rf8 30. Nxd6 Qxd6 31. Bc4 Nb4 32. Qxg5+ f6 33. Qh6 Kc7 34.
Ng7 Qxd4 35. Re4 Qd8 36. Rfe1 Nc6 37. Ne6+ Bxe6 38. Rxe6 Rc8 39. Ba6 Qd7 40.
Qe3 Qd5 41. Rc1 Kd7 42. Bxc8+ Rxc8 43. Rxf6 Rc7 44. Qe2 Kc8 45. Rd1 1-0

[Event "12PCR_F"]
[Site "?"]
[Date "2003.??.??"]
[Round "?"]
[White "Glembek, Bohumir"]
[Black "Vozda, Jindrich"]
[Result "0-1"]
[WhiteElo "2122"]
[BlackElo "2494"]
[PlyCount "72"]
[EventDate "2003.??.??"]
[EventType "corr"]
[EventRounds "1"]
[SourceDate "2004.08.30"]

1. d4 e6 2. c4 Nf6 3. Nc3 Bb4 4. e3 b6 5. f3 O-O 6. e4 d5 7. e5 Nfd7 8. cxd5
exd5 9. f4 c5 10. a3 Ba5 11. Nf3 cxd4 12. Nxd4 Bxc3+ 13. bxc3 Nc5 14. Bb5 Qh4+
15. g3 Qh3 16. Qf3 Ba6 17. Be3 Ne4 18. Rc1 f6 19. Qf1 Qxf1+ 20. Rxf1 Rc8 21. a4
Bxb5 22. axb5 fxe5 23. fxe5 Nd7 24. e6 Ndc5 25. Kd1 a6 26. bxa6 Rxa6 27. Rf5
Ra3 28. Bd2 Re8 29. Rxd5 g6 30. Rc2 h5 31. c4 Nxe6 32. Nxe6 Rxe6 33. Kc1 Nc5
34. Kb2 Rf3 35. Rd8+ Kg7 36. Bh6+ Kxh6 0-1